| 000 | 01761nam a22002537a 4500 | ||
|---|---|---|---|
| 005 | 20210325212416.0 | ||
| 008 | s2557 th tha d | ||
| 041 | _atha | ||
| 086 | _aนร 07 3.5 352.4 2558 ฉ.3/11 | ||
| 245 | 1 | 0 | _aเอกสารงบประมาณ ฉบับที่ 3 งบประมาณรายจ่าย ประจำปีงบประมาณ พ.ศ. 2558 เล่มที่ 11 ส่วนราชการไม่สังกัดสำนักนายกรัฐมนตรี กระทรวง หรือทบวง หน่วยงานของรัฐสภา หน่วยงานของศาล หน่วยงานอิสระของรัฐ |
| 260 | 3 |
_aกรุงเทพฯ : _bสำนักงบประมาณ, _c2557 |
|
| 610 | _aสำนักนายกรัฐมนตรี. สำนักงบประมาณ | ||
| 650 | 0 | 4 | _aหน่วยงานอิสระของรัฐ -- งบประมาณ -- 2558 |
| 650 | 0 | 4 | _aศาล -- งบประมาณ -- 2558 |
| 650 | 0 | 4 | _aรัฐสภา -- งบประมาณ -- 2558 |
| 650 | 0 | 4 | _aส่วนราชการไม่สังกัดสำนักนายกรัฐมนตรี กระทรวงหรือทบวง-- งบประมาณ -- 2558 |
| 650 | 0 | 4 | _aงบประมาณรายจ่าย -- 2558 |
| 650 | 0 | 4 | _aงบประมาณ -- ไทย -- 2558 |
| 850 | _aNALT | ||
| 942 | _cGB | ||
| 997 | _aส 05537 | ||
| 997 | _c000000000071344 | ||
| 998 | _aนางสาวจำเรียง ประสงค์ดี | ||
| 999 |
_c71344 _d71344 |
||